| 000 | 02184nam2a22003491 4500 | ||
|---|---|---|---|
| 001 | rc\4124750 | ||
| 005 | 20250611001915.0 | ||
| 021 |
_aRU _b[55-30513] |
||
| 035 | _a(NLR Aleph) 007982766 | ||
| 090 |
_a8530086 _c8530086 |
||
| 100 | _a20130415d1955 |||y0rusy50 ca | ||
| 101 | 0 | _arus | |
| 102 | _aRU | ||
| 105 | _ay z ||||| | ||
| 200 | 1 | _a[За тех, кто в море! | |
| 210 |
_d1955 _aБ. м. |
||
| 215 | _a596 с. | ||
| 423 | 0 |
_11010#$arus _12001#$aЖизнь в Цитадели _1700#1$aЯкобсон$bА. _tЖизнь в Цитадели _aЯкобсон, А. |
|
| 423 | 0 |
_11010#$arus _12001#$aРусский вопрос _1700#1$aСимонов$bК. _tРусский вопрос _aСимонов, К. |
|
| 423 | 0 |
_11010#$arus _12001#$aВ одном городе] _1700#1$aСофронов$bА. _tВ одном городе] _aСофронов, А. |
|
| 423 | 0 |
_11010#$arus _12001#$aВеликая сила _1700#1$aРомашов$bБ. _tВеликая сила _aРомашов, Б. |
|
| 423 | 0 |
_11010#$arus _12001#$aСтарые друзья _1700#1$aМалюгин$bЛ. _tСтарые друзья _aМалюгин, Л. |
|
| 423 | 0 |
_11010#$arus _12001#$aДвенадцать месяцев _1700#1$aМаршак$bС. Я.$f1887-1964$gСамуил Яковлевич$3RU\NLR\AUTH\774792 _tДвенадцать месяцев _aМаршак, Самуил Яковлевич (1887-1964) |
|
| 423 | 0 |
_11010#$arus _12001#$aВеликий государь _1700#1$aСоловьев$bВ. _tВеликий государь _aСоловьев, В. |
|
| 461 | 0 |
_1001rc\4124740 _12001#$aПьесы советских писателей$f[Вступ. статья: А. Анастасьев. "Путь советской драматургии", с. V-LXXIX]. Т. 1-$vТ. 8 _98530025 _cМосква _d1953 _f[Вступ. статья: А. Анастасьев. "Путь советской драматургии", с. V-LXXIX]. Т. 1- _nИскусство _tПьесы советских писателей _vТ. 8 |
|
| 700 | 1 |
_aЛавренев _bБ. |
|
| 801 | 0 |
_aRU _bNLR _gpsbo |
|
| 801 | 1 |
_aRU _bELAR _2rusmarc |
|
| 852 |
_aNLR _jЛ40 Г-5/243 |
||
| 942 | _cBOOK | ||
| 980 | _aNB | ||